To Kill a Mockingbird Multiple Choice - Statistics

General Stats
  • This quiz has been taken 321 times
  • The average score is 13 of 15
Answer Stats
Question Answer % Correct
True or False? Scout was always more of a tomboy than a girly girl True
99%
What county of Alabama is the setting of the story? Maycomb
98%
Who rescued Scout and Jem from an attack at the end of the book? Boo Radley
93%
What is the name of the Finch's housekeeper? Calpurnia
93%
What is Scout's real first name? Jean-Louise
93%
What crime was Tom Robinson accused of committing? Rape
92%
What is Boo Radley's real first name? Arthur
89%
Although ordered to by the court, why does Atticus vehemently wish to defend Tom Robinson? He wants to set an example for his kids
89%
What was Tom Robinson originally doing at the Ewell residence? Chopping up a chiffarobe per request
83%
What physical impairment did Tom Robinson have? He has no use of one arm due to a childhood accident
82%
How does Bob Ewell die? Falls on his own knife and stabs himself
81%
Who came to permanently live with the Finch's in the second half of the book? Aunt Alexandra
77%
What costume did Scout wear during the play at the school? Ham
74%
True or False? Race relations for the people of this town were better than most for the time period False
73%
Who was Tim Johnson? A rabid dog shot by Atticus
67%
No matching quizzes found
Score Distribution
Percent of People with Each Score
Percentile by Number Answered
Your Score History
You have not taken this quiz